00305nam a2200121Ia 4500008004100000041000800041082001400049100001400063245004500077260003500122300001900157365000700176240624s9999 xx 000 0 und d aeng a423.1 TRA aTRASK R L aMIND THE GAFFE THE PENGUIN GUIDE TO COMM c2001aNew DelhibPenguin Books a301 : cm. ; 20 cRS